Caribbean Territories in Order of Size - Statistics

General Stats
  • This quiz has been taken 7 times
  • The average score is 2 of 18
Answer Stats
Territory % Correct
1 Puerto Rico
100%
2 Guadeloupe
57%
3 Martinique
57%
11 Anguilla
0%
9 Aruba
0%
14 Bermuda
0%
7 Bonaire
0%
10 British Virgin Islands
0%
8 Cayman Islands
0%
5 Curaçao
0%
12 Montserrat
0%
18 Saba
0%
17 Saint Barthélemy
0%
13 Saint Martin (FR)
0%
16 Sint Eustatius
0%
15 Sint Maarten (NL)
0%
4 Turks & Caicos
0%
6 U.S. Virgin Islands
0%
No matching quizzes found
Score Distribution
Percent of People with Each Score
Percentile by Number Answered
Your Score History
You have not taken this quiz